Normal view
MARC view
- علم نفس تطوري
Entry Topical Term
001 - CONTROL NUMBER
- control field: 9187
003 - CONTROL NUMBER IDENTIFIER
- control field: JO-AjAnu
005 - DATE AND TIME OF LATEST TRANSACTION
- control field: 20230606071759.0
008 - FIXED-LENGTH DATA ELEMENTS
- fixed length control field: 230606|| aca||aabn | a|a d
040 ## - CATALOGING SOURCE
- Original cataloging agency: JO-AjAnu
- Transcribing agency: JO-AjAnu
150 ## - HEADING--TOPICAL TERM
- Topical term or geographic name entry element: علم نفس تطوري
670 ## - SOURCE DATA FOUND
- Source citation: Work cat.: (JO-AjAnu)4738: الديدي،عبد الفتاح, author 9186, السلوك والادراك :مدخل الى علم النفس الناسلي